| 000 | 00485nam a22001817a 4500 | ||
|---|---|---|---|
| 001 | TVUNI | ||
| 005 | 20260126014645.0 | ||
| 008 | 221102s2008 vm vie d | ||
| 020 | _c85000 | ||
| 040 |
_aTVUNI _eAACR2 |
||
| 041 | 0 | _avie | |
| 110 | 2 | _aBộ Tài chính | |
| 245 | 1 | 0 |
_a26 chuẩn mực kế toán Việt Nam (2001 - 2006) / _cBộ Tài chính |
| 260 |
_aHà Nội : _bTài Chính, _c2008 |
||
| 300 |
_a451 tr. ; _c24 cm. |
||
| 942 |
_2ddc _cBK |
||
| 999 |
_c2468 _d2468 |
||
| 912 |
_a1 _bHiển Phạm |
||